000 00756nam a2200265Ia 4500
003 OSt
005 20220924124310.0
006 a|||||r|||| 00| 0
007 ta
008 220923b |||||||| |||| 00| 0 urd d
020 _c60.00
024 _a322372
037 _cTextual
040 _aARTS
_cARTS
_burd
041 _2urd
_aurd
082 _aT:3(P168)v235, 168N6
100 _aNashtar Abdul Raheem Au.
_9195417
245 0 _aKokan mein urdu taleem
260 _aNew Delhi
_b Nirali duniya publications India
_c1996
650 _a TEACHING
_934578
650 _a URDU LANGUAGE - EDUCATION
650 _aHISTORY
942 _hT:3(P168)v235, 168N6
_cTEXL
_2CC
999 _c419174
_d419174